000 00584nam a2200193Ia 4500
003 OSt
005 20251218123318.0
008 Pun
037 _cTB
040 _aARTS
_cARTS
_bPun
041 _2Pun
_aPun
084 _aQ8441xI69 153K0
_qAL
100 _aਕਰਤਾਰ ਸਿੰਘ
_9857782
245 0 _aਕੇਸ ਖ਼ਿਲਾਸਖ਼ੀ ਤੋ ਸ੍ਰੀ ਗੁਰੂ ਨਾਨਕ ਮਿFਨ
260 _c1960
650 _aਧਰਮ
_9857783
942 _hQ8441:21I69:g(R) 153K0
_cTB
_2CC
_n0
999 _c386907
_d386907